| 000 | 00371nam a2200157Ia 4500 | ||
|---|---|---|---|
| 999 |
_c642 _d642 |
||
| 020 | _a0-333-37082-1 | ||
| 082 | _aRR 004.1603 SIP-M | ||
| 100 | _aSippl, Charles J; | ||
| 245 | 0 | _aMacmillan dictionary of microcomputing | |
| 250 | _a3rd | ||
| 260 |
_aLondon _bMacmillan _c1985 |
||
| 300 | _a473p. | ||
| 504 | _aRef | ||
| 650 | _aMicrocomputers - Dictionaries | ||
| 942 | _cBK | ||